Представление документа в формате RUSMARC

ПолеНазваниеЗначение
  Тип записи a
  Библиографический уровень m
001 Контрольный номер RU/REG73/CBS_GRAD/b194e880140445c7add7ef11e1631399
005 Дата корректировки 20260325143352.9
010 Индекс ISBN __
a ISBN 978-5-9533-4549-1
b Уточнения в пер.
9 Тираж 8000 экз.
100 Данные общей обработки __
a Данные общей обработки 20102026d2010 |||y0rusy0189## ca
101 Язык документа 0_
a Язык текста rus
102 Страна публикации __
a Страна публикации RU
105 Кодированные данные (монография) __
a Кодированные данные (монография) a z 000yy
200 Заглавие и сведения об ответственности 1_
a Заглавие 100 великих героев 1812 года
f Первые сведения об ответственности Алексей Васильевич Шишов
g Последующие сведения об ответственности редактор Н. Смирнов
203 Вид содержания и тип средства __
a Вид содержания Текст
b Характеристика содержания визуальный
c Тип средства непосредственный
210 Выходные данные 1_
a Место издания Москва
c Издательство Вече
d Дата издания 2010
215 Физическое описание __
a Объем 432 с.
c Иллюстрации/тип воспроизводства ил.
d Формат 22 см
225 Серия 1_
a Серия Сто великих
606 Тематические рубрики 0_
a Основная рубрика История России
x Основная подрубрика Российская империя начала 19 в.
610 Ключевые слова 0_
a Ключевые слова Отечественная война 1812 г.
610 Ключевые слова 0_
a Ключевые слова герои войны 1812 года
610 Ключевые слова 0_
a Ключевые слова защитники Отечества
610 Ключевые слова 0_
a Ключевые слова разгром Наполеона
610 Ключевые слова 0_
a Ключевые слова великие русские победы
610 Ключевые слова 0_
a Ключевые слова ратные подвиги
686 Индексы других классификаций __
a Классификационный индекс 63.3(2)47
2 Код системы rubbk
700 Автор _1
a Фамилия Шишов
b Имя (инициалы) А. В.
g Полное личное имя Алексей Васильевич
702 Вторичная интеллектуальная ответственность _1
a Фамилия Смирнов
b Имя (инициалы) Н. М.
4 Код отношения 340
801 Источник записи _0
a Страна RU
b Организация RuCBSGrad
c Дата составления 20260325
g Правила каталогизации RCR
801 Источник записи _1
a Страна RU
b Организация RuCBSGrad
c Дата составления 20260325
g Правила каталогизации RCR
852 Данные о местонахождении __
a Наименование организации МБУК "ЦБС г.Димитровграда"
i Авторский знак Ш 65
z Тип записи R
901 Тип документа __
t Тип документа m
909 Создатель записи __
a Создатель записи Гонюкова
b Дата создания записи 20260325